[Event "FIDE-Online-Steinitz-Memorial-Women"]
[White "Stefanova, Antoaneta"]
[Black "Khademalsharieh, Sarasadat"]
[Site "Internet"]
[Round "4"]
[Annotator "TA"]
[Result "1-0"]
[Date "2020.05.15"]
[WhiteElo "2485"]
[BlackElo "2431"]
[PlyCount "93"]

1. d4 {} d5 2. Nf3 e6 3. e3 Nf6 4. Bd3 c5 5. c3 Nc6 6. 0-0 Bd6 7. Nbd2 0-0 8. dxc5 Bxc5 9. e4 dxe4 10. Nxe4 Be7 11. Qc2 {D05: Colle System with ...e6.} Nxe4 12. Bxe4 f5 13. Bxc6 {White is better.} bxc6 14. Ne5 {[#]} Qc7 $146 ({Predecessor:} 14... Qe8 15. Qa4 c5 16. Qxe8 Rxe8 17. Be3 Bb7 18. Rfd1 Rad8 19. Nd7 Rc8 20. Rd2 g5 {
1-0 (48) Alekseeva,A-Fedoseeva,L St Petersburg 2001} )15. Re1 Bd6 16. f4 c5 17. c4 Bb7 18. b3 Be4 19. Qc3 Bxe5 (19... Rad8 {seems wilder.} 20. Be3 a5 21. Red1 a4 22. bxa4 Ra8 )20. Qxe5 Qxe5 21. fxe5 Rfd8 22. Be3 Rac8 23. Rad1 Rxd1 24. Rxd1 $11 { Endgame KRB-KRB} Rc7 (24... a5 $11 )25. Rd6 $16 Kf7 26. Kf2 Bb7 27. h4 Ke7 (27... Bc8 $142 )28. Bg5+ Kf7 29. Bd8 Rc8 30. Rd7+ Kg8 $2 {
[#]} (30... Kg6 $16 )31. Rxb7 $18 Rxd8 32. Rxa7 {KR-KR} Rd2+ 33. Kf3 Rd3+ 34. Kf2 Rd2+ 35. Kg3 Re2 (35... Rd3+ {is a better defense.} 36. Kf2 Rd2+ )36. Ra5 Rxe5 37. b4 {} Re3+ 38. Kf2 Rc3 39. Rxc5 Rc2+ 40. Kf3 Rxa2 41. b5 {[#] Threatens to win with b6.} Kf7 (41... Rb2 $142 42. Kf4 h5 )42. b6 Ra3+ 43. Kf2 Ra8 44. b7 Rb8 45. Rc7+ Kf6 46. c5 Ke5 47. c6 {
Accuracy: White = 90%, Black = 43%.} 1-0

[Event "FIDE-Online-Steinitz-Memorial-Women"]
[White "Sebag, Marie"]
[Black "Tan, Zhongyi"]
[Site "Internet"]
[Round "4"]
[Annotator "ChessBase"]
[Result "1-0"]
[Date "2020.05.15"]
[WhiteElo "2482"]
[BlackElo "2510"]
[PlyCount "73"]
[TimeControl "180+2"]

1. e4 e5 2. Nf3 {[%emt 0:0:4]} Nc6 {[%emt 0:0:4]} 3. Bb5 {[%emt 0:0:1]} Nf6 {[%emt 0:0:2]} 4. 0-0 {[%emt 0:0:5]} Nxe4 {[%emt 0:0:2]} 5. Re1 {[%emt 0:0:1]
} Nd6 {[%emt 0:0:1]} 6. Nxe5 {[%emt 0:0:2]} Be7 {[%emt 0:0:0]} 7. Bf1 {[%emt 0:0:3]} Nxe5 {[%emt 0:0:2]} 8. Rxe5 {[%emt 0:0:1]} 0-0 {[%emt 0:0:0]} 9. d4 {[%emt 0:0:1]} Bf6 {[%emt 0:0:3]} 10. Re1 {[%emt 0:0:0]} Re8 {[%emt 0:0:6]} 11. c3 {[%emt 0:0:13]} Rxe1 {[%emt 0:0:5]} 12. Qxe1 {[%emt 0:0:2]} Ne8 {[%emt 0:0:20]} 13. Bf4 {[%emt 0:0:4]} d5 {[%emt 0:0:2]
} 14. Nd2 {[%emt 0:0:2]} c6 {[%emt 0:0:11]} 15. Bd3 {[%emt 0:0:0]} g6 {[%emt 0:0:2]} 16. Nf3 {[%emt 0:0:2]} Ng7 {[%emt 0:0:3]} 17. Qe2 {[%emt 0:0:6]} Bf5 {[%emt 0:0:2]} 18. Bxf5 {[%emt 0:0:1]} Nxf5 {[%emt 0:0:2]
} 19. Re1 {[%emt 0:0:2]} Nd6 {[%emt 0:0:6]} 20. Ne5 {[%emt 0:0:0]} Bg7 {[%emt 0:0:28]} 21. h3 {[%emt 0:0:13]} Ne4 {[%emt 0:0:4]} 22. f3 {[%emt 0:0:24]} Nd6 {[%emt 0:0:2]} 23. Nd3 {[%emt 0:0:9]} Nf5 {[%emt 0:0:0]} 24. g4 {[%emt 0:0:8]} Nh4 {[%emt 0:0:10]} 25. Bg3 {[%emt 0:0:2]} Qf6 {[%emt 0:0:28]} 26. f4 {[%emt 0:0:6]} g5 {[%emt 0:0:3]} 27. Bxh4 {[%emt 0:0:14]
} gxh4 {[%emt 0:0:2]} 28. Qe7 {[%emt 0:0:2]} Qg6 {[%emt 0:0:0]} 29. f5 {[%emt 0:0:12]} Qh6 {[%emt 0:0:1]} 30. Qxb7 {[%emt 0:0:10]} Rf8 {[%emt 0:0:9]} 31. Qe7 {[%emt 0:0:5]} Qd2 {[%emt 0:0:3]} 32. Qe3 {[%emt 0:0:9]
} Qc2 {[%emt 0:0:3]} 33. Qe2 {[%emt 0:0:5]} Qa4 {[%emt 0:0:0]} 34. a3 {[%emt 0:0:6]} Bf6 {[%emt 0:0:6]} 35. Qd2 {[%emt 0:0:5]} Kh8 {[%emt 0:0:5]} 36. Nc5 {[%emt 0:0:4]} Qa5 {[%emt 0:0:25]} 37. Nd7 {[%emt 0:0:3]
} 1-0

[Event "FIDE-Online-Steinitz-Memorial-Women"]
[White "Abdumalik, Zhansaya"]
[Black "Cori T., Deysi"]
[Site "Internet"]
[Round "4"]
[Annotator "TA"]
[Result "1-0"]
[Date "2020.05.15"]
[WhiteElo "2409"]
[BlackElo "2391"]
[PlyCount "67"]

1. e4 {} d5 2. exd5 Qxd5 3. Nc3 Qd6 4. d4 Nf6 5. Nf3 a6 6. g3 Bg4 7. h3 {B01: Scandinavian Defence.} Bh5 8. Bg2 Nc6 9. Bf4 {White is
slightly better.} Qb4 10. 0-0 0-0-0 $1 11. a3 Qxb2 12. Na4 (12. Ne2 $11 )Qb5 $2 { [#]} (12... Bxf3 $1 $15 {keeps the upper hand.} 13. Nxb2 Bxd1 14. Raxd1 Rxd4 )13. c4 $1 $18 { [#]} Qf5 $146 {
Hoping for ...e5.} (13... Qxc4 14. Rc1 )({Predecessor:} 13... Qxc4 14. Rc1 Bxf3 15. Bxf3 Qxd4 16. Qb3 Qd3 17. Qb6 e5 18. Bxe5 Bd6 19. Bxd6 Rxd6 20. Qxb7+ Kxb7 {1-0 (32) Margaritis,F (2172)-Ioannidis,E (1508) Chalkida 2009} )14. d5 $2 (14. Qb3 $18 Bxf3 15. Bxf3 )e5 $1 $11 15. Be3 {Black must now prevent g4.} e4 (15... Na5 $1 $11 )16. g4 {[#]} (16. Qb1 $1 $16 Qd7 17. dxc6 Qxc6 18. Ng5 Qxa4 19. Nxe4 )Nxg4 {[#]} (16... exf3 $1 $11 { keeps the balance.} 17. gxf5 (17. Qxf3 Qxf3 )fxg2 )17. hxg4 ({Better is} 17. Qb1 $1 $16 Nce5 18. Nd4 )Bxg4 { Pin} 18. Nh4 $1 {} Qh5 $1 19. f3 $1 $36 { White is more active.} exf3 20. Bxf3 $2 {} (20. Nxf3 $11 {and White has nothing to worry.} Ne5 21. c5 )Ne5 $19 21. Bxg4+ Nxg4 22. Rf4 f5 $1 23. Bf2 Bd6 24. Rxf5 Qh6 $4 {} (24... g5 $19 25. Rb1 Rhf8 )25. Qxg4 $18 Kb8 26. c5 Be7 {[#]} 27. c6 $1 Rhf8 {
[#]} (27... bxc6 28. Rb1+ )28. Rb1 $1 b5 29. Nc5 (29. Qd4 $142 Qg5+ 30. Rxg5 Rxf2 31. d6 Rf1+ 32. Kxf1 Bxg5 33. dxc7+ { Discovered Attack} Kxc7 34. Qb6+ { Double Attack} Kd6 35. c7+ Ke5 36. Re1+ Kf4 37. Qf2+ Kg4 38. cxd8=B Kh5 {[#]} 39. Qf5 $1 {} h6 40. Qf3+ Kxh4 41. Re4# )Bxh4 30. Nxa6+ {White mates.} Ka8 31. Nxc7+ { Double Attack} Kb8 32. Rxb5+ Kxc7 33. Rxf8 { Overworked Piece} Rxf8 34. Qd7# {Both players
deserved the win here. Accuracy: White = 66%, Black = 52%.} 1-0

[Event "FIDE-Online-Steinitz-Memorial-Women"]
[White "Lei, Tingjie"]
[Black "Stefanova, Antoaneta"]
[Site "Internet"]
[Round "5"]
[Annotator "ChessBase"]
[Result "1-0"]
[Date "2020.05.15"]
[WhiteElo "2530"]
[BlackElo "2485"]
[PlyCount "85"]
[TimeControl "180+2"]

1. e4 e5 2. Nf3 {[%emt 0:0:5]} Nc6 {[%emt 0:0:4]} 3. Bb5 {[%emt 0:0:3]} a6 {[%emt 0:0:1]} 4. Ba4 {[%emt 0:0:1]} g6 {[%emt 0:0:1]} 5. c3 {[%emt 0:0:0]} b5 {[%emt 0:0:8]} 6. Bc2 {[%emt 0:0:3]} Bg7 {[%emt 0:0:12]} 7. a4 {[%emt 0:0:4]} Rb8 {[%emt 0:0:15]} 8. 0-0 {[%emt 0:0:2]} d6 {[%emt 0:0:0]} 9. Re1 {[%emt 0:0:4]} Nge7 {[%emt 0:0:5]} 10. d4 {[%emt 0:0:4]} exd4 {[%emt 0:0:8]} 11. Nxd4 {[%emt 0:0:16]} 0-0 {[%emt 0:0:8]} 12. Bg5 {[%emt 0:0:3]
} Bd7 {[%emt 0:0:7]} 13. axb5 {[%emt 0:0:3]} axb5 {[%emt 0:0:0]} 14. Nxc6 {[%emt 0:0:31]} Bxc6 {[%emt 0:0:1]} 15. e5 {[%emt 0:0:6]} d5 {[%emt 0:0:13]} 16. Nd2 {[%emt 0:0:2]} h6 {[%emt 0:0:3]} 17. Bh4 {[%emt 0:0:2]
} g5 {[%emt 0:0:4]} 18. Bg3 {[%emt 0:0:2]} Bd7 {[%emt 0:0:0]} 19. Nb3 {[%emt 0:0:4]} Bf5 {[%emt 0:0:7]} 20. Nc5 {[%emt 0:0:8]} Qc8 {[%emt 0:0:16]} 21. Bxf5 {[%emt 0:0:23]} Qxf5 {[%emt 0:0:3]} 22. e6 {[%emt 0:0:2]
} Rbc8 {[%emt 0:0:8]} 23. Ra7 {[%emt 0:0:8]} Nc6 {[%emt 0:0:0]} 24. Ra6 {[%emt 0:0:5]} Ne7 {[%emt 0:0:9]} 25. Ra7 {[%emt 0:0:15]} Nc6 {[%emt 0:0:2]} 26. Rxc7 {[%emt 0:0:2]} Rxc7 {[%emt 0:0:4]} 27. Bxc7 {[%emt 0:0:2]
} fxe6 {[%emt 0:0:1]} 28. Nxe6 {[%emt 0:0:12]} Qxf2+ {[%emt 0:0:0]} 29. Kh1 {[%emt 0:0:1]} Rf7 {[%emt 0:0:19]} 30. Bg3 {[%emt 0:0:3]} Qf5 {[%emt 0:0:2]} 31. Nxg7 {[%emt 0:0:14]} Kxg7 {[%emt 0:0:2]} 32. h3 {[%emt 0:0:1]
} Ne7 {[%emt 0:0:16]} 33. Qd4+ {[%emt 0:0:4]} Kh7 {[%emt 0:0:0]} 34. Qb6 {[%emt 0:0:7]} Ng6 {[%emt 0:0:4]} 35. Qxb5 {[%emt 0:0:2]} h5 {[%emt 0:0:2]} 36. Qe2 {[%emt 0:0:13]} Kh6 {[%emt 0:0:5]} 37. Kg1 {[%emt 0:0:3]
} h4 {[%emt 0:0:5]} 38. Bd6 {[%emt 0:0:1]} Qd7 {[%emt 0:0:0]} 39. Qe6 {[%emt 0:0:3]} Qb7 {[%emt 0:0:3]} 40. b4 {[%emt 0:0:4]} Kh7 {[%emt 0:0:7]} 41. Bc5 {[%emt 0:0:3]} Nf4 {[%emt 0:0:2]} 42. Qg4 {[%emt 0:0:2]
} Kg6 {[%emt 0:0:4]} 43. Re5 {[%emt 0:0:2]} 1-0

[Event "FIDE-Online-Steinitz-Memorial-Women"]
[White "Tan, Zhongyi"]
[Black "Lagno, Kateryna"]
[Site "Internet"]
[Round "5"]
[Annotator "TA"]
[Result "0-1"]
[Date "2020.05.15"]
[WhiteElo "2510"]
[BlackElo "2608"]
[PlyCount "66"]

1. d4 {} Nf6 2. c4 g6 3. Nc3 d5 4. cxd5 Nxd5 5. g3 Bg7 6. Bg2 Nb6 7. Nf3 0-0 8. 0-0 Nc6 9. d5 Na5 10. Qc2 c6 11. dxc6 Nxc6 12. Rd1 Bd7 13. Bf4 Rc8 {[#] D76: Fianchetto
Grünfeld: Main Line with 7...Nb6.} 14. Qd3 $146 ({Predecessor:} 14. Rac1 e5 15. Bg5 f6 16. Qb3+ Kh8 17. Be3 Na5 18. Qb4 Nc6 19. Qb3 Na5 20. Bxb6 axb6 21. Qb4 {
1-0 (42) Van Wely,L (2609)-Hellers,F (2592) chess.com INT 2020} )Be6 15. Qxd8 (15. Qe3 $142 Qe8 16. Bh6 )Rfxd8 $11 {Black has an edge.} 16. Rxd8+ Rxd8 17. Ng5 Bc4 18. Bxc6 bxc6 19. Kf1 {[#]} ({Better is} 19. Nge4 $1 $15 )Nd5 $1 $17 20. Nge4 (20. Nxd5 $17 Bxd5 21. f3 )Nxf4 $19 21. gxf4 f5 22. Ng3 Rd2 23. Rb1 a5 24. Ke1 {[#]} Rxb2 $1 {} 25. Rc1 (25. Rxb2 Bxc3+ )Bxc3+ 26. Rxc3 { Endgame KRB-KRN} Bd5 27. a3 a4 28. h4 (28. f3 $142 )Kf7 29. h5 Kf6 30. hxg6 Kxg6 ({Not} 30... hxg6 31. e3 $17 )31. e3 $2 (31. Rd3 )h5 32. Rd3 (32. Ne2 $142 h4 33. e4 fxe4 34. Nd4 )h4 33. Ne2 {[#]} Rxe2+ $1 { White got outplayed after the
opening. Accuracy: White = 28%, Black = 88%.} 0-1

[Event "FIDE-Online-Steinitz-Memorial-Women"]
[White "Khademalsharieh, Sarasadat"]
[Black "Kosteniuk, Alexandra"]
[Site "Internet"]
[Round "5"]
[Annotator "TA"]
[Result "0-1"]
[Date "2020.05.15"]
[WhiteElo "2431"]
[BlackElo "2521"]
[PlyCount "54"]

1. d4 {} Nf6 2. c4 e6 3. Nf3 b6 4. a3 Bb7 5. Nc3 Ne4 6. Nxe4 Bxe4 7. e3 Be7 8. Bd3 {
E12: Queen's Indian: Unusual White 4th moves, 4 a3, 4 Nc3 Bb7 5 a3 and 4 Nc3
Bb7 .} d5 9. cxd5 {[#]} exd5 $146 ({Predecessor:} 9... Qxd5 10. Qa4+ Nd7 11. Bxe4 Qxe4 12. Bd2 c5 13. 0-0 a6 14. Rac1 b5 15. Qa5 Qb7 16. dxc5 Nxc5 {1/2-1/2
(24) Dos Santos,M (2420)-Mesquita,F (2344) ICCF email 2006} )10. 0-0 {White
has an edge.} 0-0 11. b3 Nd7 12. Bb2 f5 (12... Bd6 $11 )13. Rc1 (13. Bb5 $16 )f4 14. Bxe4 ({Better is} 14. exf4 $14 Rxf4 15. Bxe4 Rxe4 16. Nd2 )dxe4 $11 15. Nd2 fxe3 16. fxe3 Bg5 17. Qe2 (17. Rxf8+ {is more complex.} Qxf8 18. Qe2 Nf6 19. Qc4+ Kh8 20. Nf1 )Rxf1+ (17... Nf6 {keeps more tension.} 18. Nc4 Qd7 19. Qe1 Nd5 20. Qg3 Rxf1+ 21. Rxf1 Bf6 )18. Nxf1 Nf6 $1 19. Qc4+ Qd5 20. Qxc7 Qxb3 { [#] Double Attack} 21. Qc3 (21. Bc3 $11 )Qxc3 $17 22. Bxc3 Rc8 23. Bd2 Rxc1 24. Bxc1 Kf7 25. Kf2 Ke6 26. Ng3 (26. Ke2 $17 {was called for.} )g6 27. h3 $2 { [#]} (27. Ke2 $17 )Bh4 {Accuracy: White = 35%, Black = 69%.} 0-1

[Event "FIDE-Online-Steinitz-Memorial-Women"]
[White "Paehtz, Elisabeth"]
[Black "Abdumalik, Zhansaya"]
[Site "Internet"]
[Round "5"]
[Annotator "TA"]
[Result "0-1"]
[Date "2020.05.15"]
[WhiteElo "2396"]
[BlackElo "2409"]
[PlyCount "172"]

1. d4 {} Nf6 2. Nf3 g6 3. Bg5 Bg7 4. Nbd2 d5 5. c3 0-0 6. e3 c5 7. Be2 b6 8. 0-0 {D03: 1 d4 d5 2 Nf3
Nf6 3 Bg5, including Torre Attack with early ...d5.} Nc6 9. Qa4 Bb7 10. Qa3 {
The position is equal.} Nd7 11. b4 { [#]} c4 $146 (11... f6 $11 12. Bh4 c4 )({Predecessor:} 11... cxb4 12. cxb4 f6 13. Bh4 Qe8 14. Nb3 e5 15. b5 Nd8 16. Rac1 Ne6 17. Qd6 Rf7 {1-0 (54) Paehtz,E (2470)
-Muzychuk,M (2563) Hengshui 2019} )12. b5 $18 Na5 13. Bxe7 { Double
Attack} Qe8 14. Bxf8 Bxf8 15. Qb2 Nf6 (15... Bd6 $142 16. Rfe1 h6 )16. Bd1 h6 17. Bc2 Bd6 18. Rfe1 Ne4 (18... Qe7 {was called for.} 19. Qc1 Ne4 20. Nxe4 dxe4 )19. Nxe4 dxe4 20. Nd2 Qe7 21. Qc1 Bd5 (21... Ba3 $142 22. Qb1 Re8 )22. Qd1 h5 23. Rb1 Rf8 24. Qe2 Kg7 25. f3 f5 (25... Qc7 $142 26. fxe4 Bxh2+ 27. Kh1 Bb7 )26. fxe4 fxe4 27. Rf1 Re8 28. Qf2 (28. Rf2 $142 )Qg5 (28... Bb8 $142 29. Qe2 Nb7 30. Nxc4 Rc8 )29. Rbe1 h4 (29... Nb7 {is a better defense.} 30. a4 Ba3 31. Bxe4 { Deflection} Rxe4 32. Nxe4 Bxe4 33. Qf7+ Kh6 )30. Nxe4 Bxe4 $2 (30... Rxe4 31. Bxe4 Bxe4 32. Qf7+ Kh6 )31. Qf7+ Kh6 32. Bxe4 Rxe4 33. Qg8 {
} Re7 34. Qf8+ Kh7 35. e4 h3 {} 36. Re2 Rd7 37. Rf7+ Rxf7 38. Qxf7+ { Double Attack} Kh6 {intending ...Qc1+.} 39. Qf3 hxg2 (39... Qc1+ $142 40. Kf2 hxg2 41. Kxg2 Qg5+ 42. Kf1 Qc1+ 43. Kg2 Qg5+ 44. Kf1 Qc1+ 45. Re1 Qf4 46. Qxf4+ Bxf4 )40. e5 Be7 41. Qh3+ ({Stronger than} 41. Qxg2 Qc1+ 42. Qf1 Qxc3 $11 )(41. Qe3 $142 )Kg7 42. Qxg2 $2 (42. Qe3 $18 )Qc1+ $11 { Double Attack} 43. Kf2 (43. Qf1 $11 Qxc3 44. Qf4 )Qxc3 ({Black should try} 43... Bh4+ $17 44. Kf3 Qxc3+ {
Double Attack} 45. Kg4 Qxd4+ 46. Qe4 Qxe4+ 47. Rxe4 Be7 )44. Qe4 Qd3 $2 {
} (44... Qh3 $11 {and Black is okay.} 45. Kg1 c3 )45. Qxd3 $18 cxd3 46. Rd2 Kf7 47. Kf3 Nc4 48. Rxd3 Bb4 49. Ke4 Nd2+ 50. Kd5 Ke7 51. Kc6 Nc4 52. Rh3 Ke6 53. Rh8 Bc3 $2 (53... Na5+ 54. Kc7 Nc4 )54. Re8+ Kf7 55. Rd8 Na5+ (55... Ke7 $142 )56. Kd5 Ke7 57. Ra8 g5 58. Rxa7+ Kd8 59. Ke4 Nc4 60. Rh7 Nd2+ 61. Kd5 Bb4 62. Rg7 Nf3 63. Rh7 $2 (63. Rg6 $18 )g4 $2 {} (63... Nd2 $11 64. Rh6 Kc7 65. Rc6+ Kd7 66. Rxb6 Kc7 )64. Ke4 $4 {} (64. Rb7 $18 Nxh2 65. Rxb6 )Ng5+ $19 { Double Attack} 65. Kf5 Nxh7 66. Kxg4 Ke7 67. Kf5 Bc3 68. d5 Nf8 69. d6+ Kd7 (69... Kf7 $142 70. h4 Bb2 )70. h4 Bd2 71. h5 Ne6 72. Kf6 Bf4 (72... Nf4 $142 73. Kf7 Bc3 74. e6+ Nxe6 75. h6 Nd4 76. a4 Kxd6 77. h7 Nxb5 $1 {} 78. axb5 Bd4 79. Kg6 Kc5 80. Kf7 Kxb5 81. h8=N Bxh8 82. Kf8 Kc4 83. Kf7 Bd4 84. Kg8 b5 85. Kf8 b4 86. Kg8 b3 87. Kf8 b2 88. Kf7 b1=Q 89. Ke6 Qg6+ 90. Kd7 Bb6 91. Kc8 Qc6+ 92. Kb8 Qc7+ 93. Ka8 Qc8# )73. Kf5 Bc1 74. a4 Bd2 (74... Nc5 $142 75. Kf6 Bb2 76. h6 Nd3 77. Kf5 Nxe5 78. Kf6 Kxd6 79. Kg7 Ke6 80. h7 Nf7+ 81. Kg6 Bf6 82. Kh5 Kf5 83. h8=B Nxh8 84. Kh6 Nf7+ 85. Kh7 Be7 86. a5 bxa5 87. Kg7 Ng5 88. b6 a4 89. b7 Bd6 90. b8=B Bxb8 91. Kf8 a3 92. Ke7 a2 93. Kd7 a1=Q 94. Kc6 Qa6+ 95. Kc5 Bd6+ 96. Kd4 Ne4 97. Kd5 Nf2 98. Kd4 Qd3# )75. Kf6 Nc5 76. Kf7 Bf4 77. Kf6 Nxa4 $4 {
[#]} (77... Be3 $19 78. Kf7 Bd4 )78. e6+ $1 $18 Kxd6 79. e7 Bg5+ 80. Kxg5 $4 {
} (80. Kf7 $18 Bxe7 81. h6 )Kxe7 { Endgame KN-KPP.
Black mates.} 81. Kg6 Kf8 82. h6 Kg8 83. Kf6 Nc3 84. Kg6 Nxb5 85. Kf6 Nc7 86. Ke7 b5 {What a fight! Accuracy: White = 64%, Black = 36%.} 0-1

[Event "FIDE-Online-Steinitz-Memorial-Women"]
[White "Cori T., Deysi"]
[Black "Sebag, Marie"]
[Site "Internet"]
[Round "5"]
[Annotator "TA"]
[Result "0-1"]
[Date "2020.05.15"]
[WhiteElo "2391"]
[BlackElo "2482"]
[PlyCount "70"]

1. d4 {} d5 2. c3 Nf6 3. Nf3 e6 4. g3 c5 5. Bg2 Nc6 6. 0-0 Be7 7. Ne5 {D02: 1 d4 d5 2 Nf3 sidelines, including 2...
Nf6 3 g3 and 2...Nf6 3 Bf4.} Nxe5 8. dxe5 {[#]} Ng4 $146 {} (8... Nd7 $14 )({Predecessor:} 8... Nd7 9. f4 0-0 10. e4 dxe4 11. Bxe4 f5 12. Bg2 Rb8 13. Be3 b6 14. Qb3 Kf7 {1/2-1/2 (50) Khan,N (1939)-Thakur Zania,H (1487) Dhaka
2019} )9. e4 $2 (9. Qa4+ $18 Kf8 10. Qxg4 )Nxe5 $14 10. exd5 exd5 11. Re1 Nc6 12. Qxd5 Be6 13. Qxd8+ (13. Qh5 {is more complex.} 0-0 14. Nd2 Qc8 15. Qe2 Rd8 16. Nc4 )Rxd8 14. Nd2 {} 0-0 15. Ne4 h6 16. Be3 c4 17. Nc5 Bc8 18. Rad1 Rfe8 19. Rxd8 Bxd8 20. Rd1 Bb6 21. Ne4 Bxe3 22. fxe3 Be6 23. Nc5 Bc8 24. Ne4 Ne5 ({Black should play} 24... Be6 $11 )25. Rd5 $36 { And now Nd6 would win. White has the initiative.} Bg4 26. Nd6 Re6 27. Nxb7 Nf3+ { [#] Discovered Attack} 28. Kf2 $2 ({White
must play} 28. Bxf3 $1 $16 Bxf3 29. Rd8+ Kh7 30. Nd6 )Ng5 $2 (28... Rb6 $1 $15 {keeps the upper hand.} 29. Rd8+ Kh7 )29. Rd8+ $18 Kh7 30. Nd6 Rf6+ {[#]
} 31. Kg1 $2 (31. Ke1 $1 $18 )Nh3+ $1 $11 32. Kh1 Nf2+ 33. Kg1 Nh3+ 34. Kh1 Rf2 35. Ne4 $2 {} (35. Nxc4 $11 Rc2 36. Bxh3 (36. Be4+ $2 g6 $19 )Bxh3 37. Kg1 )Rxb2 {Quite a comeback for Black. Accuracy: White
= 58%, Black = 53%.} 0-1

[Event "FIDE-Online-Steinitz-Memorial-Women"]
[White "Kosteniuk, Alexandra"]
[Black "Lei, Tingjie"]
[Site "Internet"]
[Round "6"]
[Annotator "TA"]
[Result "1/2-1/2"]
[Date "2020.05.15"]
[WhiteElo "2521"]
[BlackElo "2530"]
[PlyCount "96"]

1. e4 {} e5 2. Nf3 Nf6 3. Nxe5 d6 4. Nf3 Nxe4 5. Bd3 Nf6 6. 0-0 {
C42: Petroff Defence: 3 Nxe5 and unusual White 3rd moves.} Be7 7. c3 {7.Re1 is
the recent fashion.} 0-0 8. Bc2 d5 9. d4 Bg4 10. h3 Bh5 {[#]} 11. g4 $146 ({
Predecessor:} 11. Bf4 Bd6 12. Bxd6 Qxd6 13. Nbd2 Nbd7 14. g4 Bg6 15. Bxg6 hxg6 16. Re1 Rfe8 {1/2-1/2 (16) Strugar,J (2179)-Sekulovic,A (2123) Belgrade 2018} )Bg6 12. Ne5 Bxc2 13. Qxc2 c5 14. Be3 Nbd7 15. Nd2 Rc8 16. Qf5 Nxe5 17. dxe5 Nd7 18. Nf3 Nb6 19. Rad1 Rc6 20. b3 Qc8 (20... f6 {feels hotter.} 21. Qd3 fxe5 22. Nxe5 Re6 23. f4 g5 )21. Qxc8 Rfxc8 22. Rd2 f6 23. Bf4 Re6 24. Re1 Rf8 25. Kg2 h6 26. exf6 Rfxf6 {[#] Hoping for ...Rxe1.} 27. Rxe6 Rxe6 28. Be5 (28. Bc7 $14 )Kf7 $11 29. Kg3 Bf6 30. Bxf6 Kxf6 { Endgame KRN-KRN} 31. h4 a5 32. h5 Re4 33. Nh4 Re1 34. Nf5 Rc1 35. Rd3 Rc2 $2 {[#]} ({Black
should try} 35... a4 $14 )36. Ne3 $2 (36. Rf3 $1 $18 Rxa2 37. Nxh6+ Ke6 38. Re3+ Kf6 39. Nf5 )Rxa2 {The position is equal.} 37. Nxd5+ Nxd5 38. Rxd5 {
KR-KR} Ra3 39. Rd6+ Ke5 40. Rb6 c4 41. bxc4 Rxc3+ 42. f3 Rxc4 {...Rb4 is the
strong threat.} 43. Rxb7 Kf6 $1 44. Ra7 a4 45. Ra6+ Kf7 46. Ra7+ Kf6 47. Ra6+ Kf7 48. Ra7+ Kf6 {Accuracy: White = 87%, Black = 87%.} 1/2-1/2

[Event "FIDE-Online-Steinitz-Memorial-Women"]
[White "Stefanova, Antoaneta"]
[Black "Tan, Zhongyi"]
[Site "Internet"]
[Round "6"]
[Annotator "TA"]
[Result "0-1"]
[Date "2020.05.15"]
[WhiteElo "2485"]
[BlackElo "2510"]
[PlyCount "100"]

1. d4 {} Nf6 2. Nf3 d5 3. c4 e6 4. g3 Be7 5. Bg2 0-0 6. 0-0 dxc4 7. Qc2 a6 8. a4 Bd7 9. Qxc4 Bc6 10. Bg5 Bd5 11. Qd3 Be4 12. Qd1 {E05: Open
Catalan: 5 Nf3 Be7.} c5 13. dxc5 Bxc5 14. Nc3 {[#] Threatens to win with Qxd8.
The position is equal.} Bc6 15. Ne5 Bxg2 16. Kxg2 {[#]} Qc7 $1 $146 {
A relevant novelty.} (16... h6 $11 17. Qxd8 Rxd8 18. Bxf6 gxf6 )({Predecessor:
} 16... h6 17. Bf4 Nbd7 18. Nxd7 Qxd7 19. Qxd7 Nxd7 20. Rfd1 Nf6 21. Rd3 Rfd8 22. Rad1 Rxd3 23. Rxd3 {0-1 (62) Bosiocic,M (2624)-Safarli,E (2639) Riadh 2017} )17. Bxf6 $1 $14 gxf6 18. Nd3 Be7 19. Rc1 Nc6 20. e4 Qb6 21. Nf4 Kh8 22. Qe2 Rad8 23. Rfd1 Qb4 24. Nd3 Qb3 25. Qe3 Rd4 26. Rd2 Rfd8 27. Rcd1 Qc4 28. Nf4 Rxd2 29. Rxd2 Rxd2 30. Qxd2 Qd4 31. Qe2 Ne5 32. Qh5 {White wants to play Nxe6!} Ng6 33. Qf3 Ne5 34. Qh5 {Threatening Nxe6!} Bc5 35. Nh3 (35. Qe2 $15 )Bf8 (35... Bb4 $17 36. Qe2 Nd3 )36. Qe2 Nd3 37. Nf4 Nxf4+ 38. gxf4 Bc5 (38... Bb4 $15 )39. h4 (39. f5 $11 )h6 (39... Bb4 $15 )40. Kg3 Bb4 41. Nd1 {[#]} (41. Qe3 $11 {keeps the balance.} Qd7 42. Qf3 )Kg7 (41... Bd2 $1 $17 )42. b3 $11 b6 43. Qc2 Bc5 44. Ne3 b5 45. axb5 axb5 46. h5 b4 47. Ng4 $2 {} (47. Qc4 $11 )Qc3+ $19 48. Qxc3 bxc3 49. b4 c2 (49... Bd4 $142 50. Ne3 Bxe3 )50. bxc5 c1=Q {Accuracy: White = 63%, Black = 67%.} 0-1

[Event "FIDE-Online-Steinitz-Memorial-Women"]
[White "Sebag, Marie"]
[Black "Lagno, Kateryna"]
[Site "Internet"]
[Round "6"]
[Annotator "TA"]
[Result "1/2-1/2"]
[Date "2020.05.15"]
[WhiteElo "2482"]
[BlackElo "2608"]
[PlyCount "78"]

1. e4 {} e5 2. Nf3 Nc6 3. Bb5 g6 4. c3 Bg7 5. d4 exd4 6. cxd4 {C60: Ruy Lopez: Unusual Black 3rd moves and 3...g6.} a6 7. Ba4 b5 8. Bb3 {White is slightly better. 8.Bc2 deserves study. Played by
Fabiano Caruana in March 2020.} Nge7 9. d5 Na5 $1 10. Bd2 Nxb3 11. axb3 0-0 12. Bc3 f5 13. Bxg7 Kxg7 14. 0-0 Bb7 15. Nc3 fxe4 16. Qd4+ { [#] Double
Attack} Kg8 17. Qxe4 Nc8 {[#]} 18. Rfe1 $146 ({Predecessor:} 18. Ne5 Qe7 19. Rae1 d6 20. Ng4 Qxe4 21. Rxe4 h5 22. Ne3 Nb6 23. Rd1 Rae8 24. Rdd4 {1/2-1/2 
(42) Sebag,M (2450)-Goryachkina,A (2564) Skolkovo 2019} )Nd6 19. Qd4 Qf6 20. Qxf6 (20. Qc5 {looks sharper.} Rae8 21. h3 Rxe1+ 22. Rxe1 Qd8 23. b4 )Rxf6 21. Ne5 Rd8 (21... b4 $5 {} )22. b4 Rf4 23. Nd3 Rd4 24. Nc5 Rxb4 25. Nxb7 Nxb7 26. Rxa6 Rxb2 27. g3 ({Better is} 27. Ne4 $1 $15 )Nc5 28. Ra7 Nd3 29. Re2 (29. Re7 $17 )b4 $2 (29... Rxe2 $19 30. Nxe2 c5 31. dxc6 dxc6 )30. Rxb2 $11 {The position is equal.} Nxb2 { Endgame
KRN-KRN} 31. Ne4 Nd3 32. Rxc7 b3 {[#] ...b2 is the strong threat.} 33. Rb7 b2 {
Hoping for ...Ra8.} 34. Kf1 Rc8 {aiming for ...Rc2.} (34... Ra8 $5 35. Ke2 $8 Ra3 $14 )35. Ke2 Rc1 36. Nd2 Rc3 37. Ne4 Rc1 38. Nd2 Rc3 39. Ne4 Rc1 {Accuracy:
White = 87%, Black = 92%.} 1/2-1/2